banner koha

Producao e beneficiamento do carvao em Santa Catarina [Brasil] (Registro n. 318532)

MARC details
000 -LÍDER
campo de controle de tamanho fixo 01130naa a22002777a 4500
001 - NÚMERO DE CONTROLE
campo de controle BR8706766
003 - IDENTIFICADOR DO NÚMERO DE CONTROLE
campo de controle BR-BrBNA
005 - DATA E HORÁRIO DA ÚLTIMA TRANSAÇÃO
campo de controle 20240918175855.0
007 - CAMPO FIXO DE DESCRIÇÃO FÍSICA--INFORMAÇÃO GERAL
campo de controle de tamanho fixo ta
008 - CAMPO DE DADOS FIXOS--INFORMAÇÃO GERAL
campo de controle de tamanho fixo 230509b bl.||||| |||| 00| 0 por d
040 ## - FONTE DA CATALOGAÇÃO
Instituição da catalogação original BR-BrBNA
Idioma da catalogação por
Instituição que transcreveu o registro Biblioteca Nacional de Agricultura
041 ## - CÓDIGO DE IDIOMA
Código do idioma do texto/trilha sonora ou título diferente (Pt)
072 ## - CÓDIGO DE CATEGORIA DE ASSUNTO
Código de Categoria de Assunto P07
Código do objeto 8905
-- G514
090 ## - NÚMERO DE CHAMADA LOCAL
Número de chamada P07 BR8706766
100 1# - ENTRADA PRINCIPAL--NOME PESSOAL
Nome pessoal Milioli, V.A.
111 1# - ENTRADA PRINCIPAL--NOME DO EVENTO
Nome do evento ou lugar Seminario sobre Tecnologia do Carvao
Local do evento Florianopolis, SC (Brazil)
Data do evento ou assinatura do tratado Sep 1981
245 1# - TÍTULO
Título Producao e beneficiamento do carvao em Santa Catarina [Brasil]
260 3# - PUBLICAÇÃO, DISTRIBUIÇÃO, ETC.
Local de publicação, distribuição, etc. Florianopolis, SC (Brasil):
Data da publicação, distribuição, etc. 1981.
500 ## - NOTA GERAL
Nota geral Seminario sobre Tecnologia do Carvao<br/>Florianopolis, SC (Brasil): 1981. p. 27-50<br/>(BR8706766-AM)P07<br/>A monografia está disponível na(o)5 tables; 6 illus. *Universidade Federal de Santa Catarina. Florianopolis, SC (Brazil). Centro de Ciencias Agrarias<br/>
650 ## - ASSUNTO--TERMO TÓPICO
Cabeçalho tópico ou nome geográfico CARVAO
650 ## - ASSUNTO--TERMO TÓPICO
Cabeçalho tópico ou nome geográfico BENEFICIAMENTO
650 ## - ASSUNTO--TERMO TÓPICO
Cabeçalho tópico ou nome geográfico SANTA CATARINA
773 0# - ENTRADA ANALÍTICA
Título Seminario sobre Tecnologia do Carvao
Número de controle do registro P07 BR8706766
Partes relacionadas Florianopolis, SC (Brasil), 1981. p. 27-50
909 ## -
-- 202404
-- Lucia
-- 55
-- Lucia Elande
942 ## - ELEMENTOS DE ENTRADA ADICIONADOS (KOHA)
Tipo de material Koha Capítulo-Livro
Fonte da classificação ou esquema de arquivamento na estante Classificação AGRIS
Exemplares
Situação do descarte Fonte da classificação ou esquema de arquivamento na estante Situação física Não pode ser emprestado Coleção Biblioteca de origem Biblioteca atual Localização na estante Total de empréstimos Número de telefone completo Data de último acesso Número do exemplar Tipo de material Koha Nota pública Situação das perdas Data de aquisição Fonte de aquisição
  Classificação AGRIS       Biblioteca Nacional de Agricultura - Binagri Biblioteca Nacional de Agricultura - Binagri Agrobase - Acervo Geral   P07 BR8706768 20/05/2024 01 Capítulo-Livro (*)Documento disponÝvel na(o)5 tables; 6 illus. *Universidade Federal de Santa Catarina. Florianopolis, SC (Brazil). Centro de Ciencias Agrarias   2024-04-11 Portaria Interministerial nº 164/94

BINAGRI

Telefone: (61)3218-2567/2388/3357/2097 - binagri@agro.gov.br

Ministério da Agricultura e Pecuária , Esplanada dos Ministérios, Bloco D, Anexo B, Brasília/DF, CEP: 70.043-900